| 000 | 00707nam a22002297a 4500 | ||
|---|---|---|---|
| 001 | 7984 | ||
| 003 | FISKH | ||
| 005 | 20250818084612.0 | ||
| 008 | 250818b cb ||||| |||| 00| 0 eng d | ||
| 020 | _a9781902463216 | ||
| 040 |
_aFISKH _beng _cFISKH _dFISKH |
||
| 082 | _a823 | ||
| 100 | _aRepchuk, Caroline | ||
| 245 |
_aHa! ha! Giraffe _cCaroline Repchuk ; illustrated by Stephen Holmes |
||
| 260 |
_aLondon : _bHaldane Hason Books, _c2002. |
||
| 300 |
_a16 unnumbered pages : _bcolor illustrations ; _c17 cm |
||
| 505 | _aNP | ||
| 520 | _aGiraffe laughs at Crocodile's toothache. Crocodile has the last laugh. | ||
| 700 |
_aHolmes,Stephen _eillustrator |
||
| 942 |
_2ddc _cBK _n0 |
||
| 999 |
_c7984 _d7984 |
||